| 000 | 00799nam a2200253Ia 4500 | ||
|---|---|---|---|
| 003 | OSt | ||
| 005 | 20220918210251.0 | ||
| 006 | a|||||r|||| 00| 0 | ||
| 007 | ta | ||
| 008 | 220917b |||||||| |||| 00| 0 eng d | ||
| 024 | _a119,882 | ||
| 037 | _cTextual | ||
| 040 |
_aARTS _cARTS _beng |
||
| 041 |
_2eng _aeng |
||
| 082 | _aV73,1:91p73,N80, M2 | ||
| 110 |
_aSeminar on selection / Election : A forum a the American presidency (New York) _9117673 |
||
| 245 | 0 | _aPapers Ed by Robert S Hirschfield | |
| 260 |
_aNew York _bAldine _c1982 |
||
| 300 |
_axxviii, 195p. _ccm. |
||
| 650 | _aHISTORY | ||
| 700 |
_aSeminar on selection / Election : A forum a the American presidency (New York) _9117674 |
||
| 942 |
_hV73,1:91p73,N80, M2 _cTEXL _2CC |
||
| 999 |
_c243141 _d243141 |
||